| Tag |
First Indicator |
Second Indicator |
Subfields |
| LEADER |
00000cam a2200000Ia 4500 |
| 001 |
in00002509621 |
| 005 |
20151201114027.0 |
| 008 |
090205s2010 mau 000 0 eng d |
| 020 |
|
|
|a 9780312560829
|
| 020 |
|
|
|a 0312560826 (pbk.)
|
| 029 |
1 |
|
|a CDX
|b 9599693
|
| 035 |
|
|
|a (OCoLC)ocn303050507
|
| 035 |
|
|
|a (OCoLC)303050507
|
| 040 |
|
|
|a BTCTA
|c BTCTA
|d NYP
|d CDX
|d YDXCP
|d HF9
|d UtOrBLW
|
| 049 |
|
|
|a TXAM
|
| 090 |
|
|
|a P91.6
|b .S44 2010
|
| 092 |
|
|
|a 302.2302
|b S
|
| 100 |
1 |
|
|a Seguin, James A.
|
| 245 |
1 |
0 |
|a Media career guide :
|b preparing for jobs in the 21st century /
|c James Seguin ; Sherri Hope Culver.
|
| 246 |
3 |
0 |
|a Preparing for jobs in the 21st century
|
| 250 |
|
|
|a 7th ed.
|
| 264 |
|
1 |
|a Boston :
|b Bedford/St. Martins,
|c [2010]
|
| 264 |
|
4 |
|c ©2010
|
| 300 |
|
|
|a vii, 116 pages ;
|c 23 cm.
|
| 336 |
|
|
|a text
|b txt
|2 rdacontent
|
| 337 |
|
|
|a unmediated
|b n
|2 rdamedia
|
| 338 |
|
|
|a volume
|b nc
|2 rdacarrier
|
| 504 |
|
|
|a Includes bibliographical references and index.
|
| 650 |
|
0 |
|a Mass media
|x Vocational guidance.
|
| 650 |
|
0 |
|a Communication
|x Vocational guidance.
|
| 700 |
1 |
|
|a Culver, Sherri Hope.
|
| 938 |
|
|
|a Baker and Taylor
|b BTCP
|n BK0008181652
|
| 938 |
|
|
|a Coutts Information Services
|b COUT
|n 9599693
|
| 938 |
|
|
|a YBP Library Services
|b YANK
|n 3160109
|
| 994 |
|
|
|a C0
|b TXA
|
| 948 |
|
|
|a cataloged
|b h
|c 2010/3/31
|d c
|e blrosas
|f 1:05:57 pm
|
| 999 |
|
|
|a MARS
|
| 999 |
f |
f |
|s b7575587-441a-3ed8-a1b7-317338f77e63
|i 7050440b-d979-3b0a-a730-c1bf2129a46e
|t 0
|
| 952 |
f |
f |
|p ric
|a Texas A&M University
|b Rellis Campus
|c Joint Library Facility
|d Remote Storage
|t 0
|e P91.6 .S44 2010
|h Library of Congress classification
|i unmediated -- volume
|m A14840245427
|
| 998 |
f |
f |
|a P91.6 .S44 2010
|t 0
|l Remote Storage
|